Les plus gros transferts du football - Nés en 1994 - Statistiques

Statistiques générales
  • Ce quiz a été pris 60 fois
  • Le résultat moyen est 9 sur 11
Statistiques - réponses
Montant de transfert (M €) Saison Nationalité Venant de Allant à Joueur % Correct
80,00 2018-2019 Espagne Athletic Chelsea Kepa Arrizabalaga
98%
50,00 2017-2018 Portugal AS Monaco Manchester City Bernardo Silva
92%
65,00 2019-2020 Portugal Sporting CP Manchester United Bruno Fernandes
89%
57,50 2017-2018 France AS Monaco Manchester City Benjamin Mendy
87%
65,00 2019-2020 Portugal Juventus Turin Manchester City João Cancelo
87%
52,60 2023-2024 Serbie FC Fulham Al-Hilal Aleksandar Mitrovic
83%
63,70 2015-0016 Angleterre Liverpool Manchester City Raheem Sterling
83%
56,20 2022-2023 Angleterre Manchester City Chelsea Raheem Sterling
83%
65,00 2017-2018 Espagne Athletic Manchester City Aymeric Laporte
72%
50,00 2019-2020 France / Côte d'Ivoire Eintracht Frankfurt West Ham United Sébastien Haller
64%
55,60 2016-2017 Angleterre FC Everton Manchester City John Stones
60%
Aucun quiz correspondant
Distribution des résultats
% des personnes avec chaque résultat
Percentile par nombre de réponses
Votre historique - résultats
Vous n’avez pas pris ce quiz